00821nam a22002411a 450000100070000000500170000700800410002401000130006502000150007803500210009304000200011404200140013405000390014808200140018710000250020124501130022626000520033930000320039150400190042350500190044265000530046165000650051472922620170429020002.0980211s1998 paua bf 001 0 eng d a98060078 a1566766508 a(OCoLC)38911145  aPPSJcPPSJdDLC alccopycat00aLB 2805.P29 1998bLB 2805.P29 199800a371.22211 aPalestini, Robert H.14aThe ten-minute guide to educational leadership :ba handbook of insights /cDr. Robert H. Palestini.h[Text] aLancaster, Pa.bTechnomic Publishing Co.cc1998 axi, 94 p. :bill. ;c23 cm. aIncludes index0 aIncludes index 0aEducational leadershipxHandbooks, manuals, etc. 0aSchool management and organizationxHandbooks, manuals, etc.